• 首页
  • 本馆介绍
  • 公告通知
  • 最新文献
  • 馆藏检索
  • 电子资源
  • 读者导购
  • 参考咨询
  • 我的图书馆
  • 登录
  • 详细信息显示
  • 放入我的书架
  • 预约/预借图书
  • 作者相关作品
  • 分类相关作品
  • 丛书相关作品
  • 出版社相关作品

书目信息

  • 表格格式
  • 工作单格式
  • 卡片格式
题名:
家族教育
    
 
作者: 舒曼 , 沃德 著 ;王骏铭 , 李国彦 译
分册:  
出版信息: 北京   电子工业出版社  2014.05
页数: 144页
开本: 25cm
丛书名: 家族企业书系
单 册:
中图分类: F276.5
科图分类:
主题词: 家族--私营企业--企业管理 , 家族 , 私营企业 , 企业管理
电子资源:
ISBN: 978-7-121-22930-5
000 01358oam2 2200361 450
001 0120141325952
005 20151231085249.46
010    @a978-7-121-22930-5@b精装@dCNY58.00
100    @a20140801d2014 em y0chiy0110 ea
101 1  @achi@ceng
102    @aCN@b110000
105    @ay z 000yy
106    @ar
200 1  @a家族教育@9jia zu jiao yu@dFamily education for business-owning families@f(美)艾米·M·舒曼,(美)约翰·L·沃德著@g王骏铭,李国彦译@zeng
210    @a北京@c电子工业出版社@d2014.05
215    @a144页@d25cm
225 2  @a家族企业书系@i传承系列
305    @a由Palgrave Macmillan授权出版
330    @a本书作者是资深的家族企业管理顾问,书中既包括课程设计、教育项目的组织安排、教育预算的方法和细节,同时包含几个家族的教育项目案例解析,为家族企业规划下一代教育项目带来有价值的建议和方法。
333    @a家族企业的所有成员
462  0 @12001 @a家族企业书系@i传承系列
510 1  @aFamily education for business-owning families@zeng
606 0  @a家族@x私营企业@x企业管理
606 0  @a家族
606 0  @a私营企业
606 0  @a企业管理
690    @aF276.5@v5
701  0 @c(美)@a舒曼@9shu man@c(Schuman, Amy M.)@4著
701  0 @c(美)@a沃德@9wo de@c(Ward, John L.)@4著
702  0 @a王骏铭@9wang jun ming@4译
702  0 @a李国彦@9li guo yan@4译
801  0 @aCN@b人天书店@c20140801
905    @b875117-19@dF276.5@e1249@f3
    
    家族教育=Family education for business-owning families/(美)艾米·M·舒曼,(美)约翰·L·沃德著/王骏铭,李国彦译.-北京:电子工业出版社,2014.05
    144页;25cm.-(家族企业书系.传承系列)
    使用对象:家族企业的所有成员
    
    ISBN 978-7-121-22930-5(精装):CNY58.00
    本书作者是资深的家族企业管理顾问,书中既包括课程设计、教育项目的组织安排、教育预算的方法和细节,同时包含几个家族的教育项目案例解析,为家族企业规划下一代教育项目带来有价值的建议和方法。
●
相关链接 在E读中查询图书 在五车中查询图书 在当当中查询图书 在豆瓣中查询图书


正题名:家族教育     索取号:F276.5/1249         预约/预借

序号 登录号 条形码 馆藏地/架位号 状态 备注
1 875117   208751171   学院路分馆/ [索取号:F276.5/1249] 在馆    
2 875118   208751180   学院路分馆/ [索取号:F276.5/1249] 在馆    
3 875119   208751199   学院路分馆/ [索取号:F276.5/1249] 在馆    
唐山师范学院图书馆 欢迎您!
大连网信软件有限公司© 版权所有